[Event "Commonwealth & South African Open 2011"]
[Site "Emperors Casino and Conference"]
[Date "2011.06.24"]
[Round "1.97"]
[White "Bhawoodien, Mohamed O"]
[Black "de Gouveia, Dennis K"]
[Result "1-0"]
[WhiteElo "1859"]
[BlackElo "1405"]
[PlyCount "67"]
[EventDate "2011.06.24"]

1. e4 e6 2. d3 d5 3. Nd2 c5 4. Ngf3 Nc6 5. g3 Bd7 6. Bg2 d4 7. O-O e5 8. Nc4 f6
9. a4 Be6 10. Nh4 Bxc4 11. dxc4 Nge7 12. Bh3 Qd6 13. Ra3 h5 14. f4 b6 15. Qe2
Rd8 16. Ng2 g6 17. fxe5 Nxe5 18. Nf4 g5 19. Ne6 g4 20. Rxf6 gxh3 21. Qf1 Kd7
22. Nxf8+ Rdxf8 23. Qxh3+ Kc7 24. Rxd6 Kxd6 25. Bf4 N7g6 26. Rf3 Nxf4 27. Rxf4
h4 28. Qf1 Rfg8 29. Rf6+ Ke7 30. Qf5 hxg3 31. Qxe5+ Kd8 32. hxg3 Kd7 33. Rf7+
Kd8 34. Qb8# 1-0

[Event "Commonwealth & South African Open 2011"]
[Site "Emperors Casino and Conference"]
[Date "2011.06.24"]
[Round "1.98"]
[White "Voight, Regardt"]
[Black "Crismann, Alessandro"]
[Result "0-1"]
[WhiteElo "1400"]
[BlackElo "1858"]
[PlyCount "40"]
[EventDate "2011.06.24"]

1. e4 c5 2. Nf3 Nc6 3. Bc4 g6 4. d4 cxd4 5. Nxd4 Bg7 6. c3 d6 7. O-O Nf6 8. Re1
O-O 9. Nxc6 bxc6 10. b4 d5 11. exd5 cxd5 12. Bd3 Bd7 13. Bd2 Ne4 14. Re3 Rc8
15. Bc2 f5 16. Bxe4 fxe4 17. Qb3 Bh6 18. Re2 Qb6 19. a4 Rxf2 20. a5 Rcf8 0-1

[Event "Commonwealth & South African Open 2011"]
[Site "Emperors Casino and Conference"]
[Date "2011.06.24"]
[Round "1.99"]
[White "Feng, Thomas"]
[Black "Calitz, Hananke"]
[Result "1-0"]
[WhiteElo "1853"]
[BlackElo "1399"]
[PlyCount "77"]
[EventDate "2011.06.24"]

1. c4 e5 2. Nc3 c6 3. Nf3 d6 4. d4 Nd7 5. e4 Be7 6. Be2 Ngf6 7. O-O O-O 8. Qc2
b6 9. Rd1 Qc7 10. d5 cxd5 11. exd5 Ba6 12. Bg5 Rac8 13. Nd2 Bxc4 14. Bxc4 Ra8
15. Rac1 a6 16. a4 Rfb8 17. Qf5 Nc5 18. b4 b5 19. bxc5 bxc4 20. cxd6 Qxd6 21.
Nxc4 Qb4 22. Nxe5 Rc8 23. Nc6 Qb7 24. Nxe7+ Qxe7 25. Bxf6 gxf6 26. d6 Qd8 27.
d7 Rc7 28. Nd5 Rxc1 29. Rxc1 Qa5 30. Nxf6+ Kf8 31. Rc8+ Ke7 32. Re8+ Kd6 33.
Qxa5 Rxe8 34. Qd5+ Ke7 35. Nxe8 Kd8 36. Qd6 a5 37. Ng7 h5 38. h4 f6 39. Ne6#
1-0

[Event "Commonwealth & South African Open 2011"]
[Site "Emperors Casino and Conference"]
[Date "2011.06.24"]
[Round "1.100"]
[White "Marais, Carel"]
[Black "Louw, Gideon N"]
[Result "0-1"]
[WhiteElo "1396"]
[BlackElo "1853"]
[PlyCount "94"]
[EventDate "2011.06.24"]

1. e4 c5 2. c3 e5 3. Nf3 Nc6 4. Bc4 h6 5. d3 Nf6 6. Be3 Be7 7. Nbd2 a6 8. Bb3
d5 9. exd5 Nxd5 10. Bxd5 Qxd5 11. Nc4 Bd8 12. O-O O-O 13. Qd2 b5 14. Na3 Bg4
15. c4 bxc4 16. dxc4 Qxd2 17. Nxd2 Be7 18. h3 Bf5 19. Nb3 Nd4 20. Nxd4 cxd4 21.
Bd2 Rab8 22. Bc1 Rfd8 23. Re1 f6 24. b3 Bb4 25. Rd1 Bc3 26. Nc2 Bxc2 27. Ba3
Bxa1 28. Rxa1 d3 29. Bc1 d2 30. Bxd2 Rxd2 31. Rc1 Rd1+ 32. Rxd1 Bxd1 33. Kf1
Bc2 34. Ke2 Bb1 35. a3 Rxb3 36. c5 Rxa3 37. Kd2 Bf5 38. c6 a5 39. c7 Ra2+ 40.
Ke3 Bc8 41. Ke4 Rxf2 42. Kd5 Rxg2 43. Kd6 Rd2+ 44. Ke7 e4 45. h4 e3 46. h5 e2
47. Ke8 e1=Q# 0-1

[Event "Commonwealth & South African Open 2011"]
[Site "Emperors Casino and Conference"]
[Date "2011.06.24"]
[Round "1.86"]
[White "Grib, Johannes"]
[Black "van der Walt, Pierre E"]
[Result "0-1"]
[WhiteElo "1430"]
[BlackElo "1890"]
[PlyCount "94"]
[EventDate "2011.06.24"]

1. d4 Nf6 2. c4 e6 3. Nc3 Bb4 4. Qc2 d5 5. a3 Bxc3+ 6. bxc3 Ne4 7. Nf3 c5 8. e3
Nc6 9. h4 O-O 10. Bd3 f5 11. cxd5 exd5 12. c4 Be6 13. Ng5 Nxg5 14. hxg5 Qxg5
15. g3 Qe7 16. cxd5 Bxd5 17. Bc4 Qe6 18. Bxd5 Qxd5 19. O-O cxd4 20. Rd1 Rad8
21. Bb2 Rf6 22. Bxd4 Rh6 23. e4 Nxd4 24. exd5 Nxc2 25. Ra2 Nxa3 26. Rxa3 a6 27.
Rad3 Rhd6 28. Rb3 b5 29. Ra3 Rb6 30. Rad3 Rdd6 31. Rc1 Rb7 32. Rc6 Rxc6 33.
dxc6 Re7 34. Rd8+ Kf7 35. Rd6 b4 36. Rd5 Ke6 37. Rc5 Kd6 38. Rxf5 Kxc6 39. Rf4
Re1+ 40. Kg2 a5 41. Rf7 b3 42. Rxg7 b2 43. Rxh7 b1=Q 44. Rh6+ Kc5 45. Rh4 Rg1+
46. Kf3 Qd3+ 47. Kg4 Qg6+ 0-1

[Event "Commonwealth & South African Open 2011"]
[Site "Emperors Casino and Conference"]
[Date "2011.06.24"]
[Round "1.89"]
[White "Chettiar, Evesan"]
[Black "Chettiar, Seshan"]
[Result "1-0"]
[WhiteElo "1882"]
[BlackElo "1424"]
[PlyCount "45"]
[EventDate "2011.06.24"]

1. e4 e5 2. Nf3 Nc6 3. Bc4 Bc5 4. c3 Nf6 5. d4 exd4 6. cxd4 Bb4+ 7. Nc3 Nxe4 8.
O-O Bxc3 9. d5 Na5 10. bxc3 O-O 11. Bd3 Nf6 12. d6 h6 13. Qa4 Nc6 14. Bf4 cxd6
15. Bxd6 Re8 16. Rae1 Re6 17. Qf4 Qa5 18. Bc4 Rxe1 19. Rxe1 b5 20. Re8+ Nxe8
21. Qxf7+ Kh7 22. Bd3+ Kh8 23. Qf8# 1-0

[Event "Commonwealth & South African Open 2011"]
[Site "Emperors Casino and Conference"]
[Date "2011.06.24"]
[Round "1.92"]
[White "Kankanala, Srishti"]
[Black "Masungwini, Michael T"]
[Result "0-1"]
[WhiteElo "1420"]
[BlackElo "1874"]
[PlyCount "66"]
[EventDate "2011.06.24"]

1. d4 Nf6 2. Bf4 e6 3. e3 c5 4. c3 Be7 5. Nd2 O-O 6. Bd3 Nc6 7. Ngf3 d5 8. h3
h6 9. O-O Bd6 10. Ne5 Qc7 11. Ndf3 Nd7 12. Nxd7 Bxd7 13. Bxd6 Qxd6 14. dxc5
Qxc5 15. Qe2 e5 16. Nh2 a6 17. Rfd1 Be6 18. Qh5 Qb6 19. Rd2 f5 20. Be2 Rf6 21.
Qh4 Raf8 22. Qg3 Qa5 23. Nf3 g5 24. Nxe5 f4 25. exf4 Nxe5 26. fxe5 Rxf2 27.
Qxf2 Rxf2 28. Kxf2 Qb6+ 29. Kf3 h5 30. Rf1 Qc7 31. Bd3 Qxe5 32. Rdf2 g4+ 33.
hxg4 hxg4# 0-1

[Event "Commonwealth & South African Open 2011"]
[Site "Emperors Casino and Conference"]
[Date "2011.06.24"]
[Round "1.93"]
[White "Ringoir, Guy"]
[Black "Ndlovu, Vincent M"]
[Result "1-0"]
[WhiteElo "1870"]
[BlackElo "1420"]
[PlyCount "59"]
[EventDate "2011.06.24"]

1. e4 c5 2. Nc3 Nc6 3. f4 e6 4. Nf3 Be7 5. Bb5 d6 6. Bxc6+ bxc6 7. d3 Nf6 8. e5
dxe5 9. fxe5 Nd5 10. Ne4 f5 11. exf6 Nxf6 12. Qe2 O-O 13. O-O Qc7 14. Neg5 Bd6
15. b3 e5 16. Bb2 h6 17. Ne4 Nxe4 18. Qxe4 Rf4 19. Qe3 e4 20. dxe4 Ba6 21. c4
Re8 22. e5 Qf7 23. Rae1 Rg4 24. h3 Rg3 25. Qf2 Qg6 26. exd6 Rf8 27. d7 Rgxf3
28. Qxf3 Rxf3 29. d8=Q+ Kh7 30. Rxf3 1-0

[Event "Commonwealth & South African Open 2011"]
[Site "Emperors Casino and Conference"]
[Date "2011.06.24"]
[Round "2.11"]
[White "Masole, Vincent"]
[Black "Sachdev, Tania"]
[Result "0-1"]
[WhiteElo "1763"]
[BlackElo "2416"]
[PlyCount "40"]
[EventDate "2011.06.24"]

1. e4 e5 2. Nf3 Nc6 3. Nc3 Nf6 4. g3 Bc5 5. Bg2 d6 6. h3 O-O 7. O-O a6 8. d3 h6
9. Kh2 Be6 10. a3 Nd4 11. Nxd4 Bxd4 12. Ne2 Bb6 13. f4 c6 14. fxe5 dxe5 15. Nc3
Qe7 16. Qf3 Nh7 17. Na4 Bd4 18. c3 Ba7 19. Be3 b5 20. Bxa7 Qxa7 0-1

[Event "Commonwealth & South African Open 2011"]
[Site "Emperors Casino and Conference"]
[Date "2011.06.24"]
[Round "2.12"]
[White "Mokal, Prathamesh S"]
[Black "Collen, Benjamin C"]
[Result "1-0"]
[WhiteElo "2405"]
[BlackElo "1762"]
[PlyCount "64"]
[EventDate "2011.06.24"]

1. e4 c6 2. d4 d5 3. exd5 cxd5 4. c4 Nf6 5. Nc3 Nc6 6. Bg5 Be6 7. a3 h6 8. Bxf6
exf6 9. c5 Be7 10. b4 Rc8 11. Nf3 O-O $1 12. Be2 g5 13. O-O $1 g4 14. Ne1 f5
15. Nc2 Bf6 16. f4 Re8 17. Qd2 Bg7 18. Bb5 Re7 19. Ba4 a6 20. Bb3 Rd7 21. Na4
Rdc7 22. Nb6 Rb8 23. Rad1 Na7 24. Ne3 Nc8 25. Nexd5 Bxd5 26. Nxd5 Rd7 27. Qa2
Kf8 28. Kh1 Ne7 29. Nxe7 Qxe7 30. Ba4 h5 31. d5 Qd8 32. Bxd7 Bc3 {Notation
unclear} 1-0

[Event "Commonwealth & South African Open 2011"]
[Site "Emperors Casino and Conference"]
[Date "2011.06.24"]
[Round "2.13"]
[White "Kobese, Watu AKW"]
[Black "Mulder, Cornelis J"]
[Result "1-0"]
[WhiteElo "2355"]
[BlackElo "1759"]
[PlyCount "61"]
[EventDate "2011.06.24"]

1. e4 e6 2. Nf3 d5 3. e5 c5 4. b4 cxb4 5. d4 Nc6 6. Bd3 f5 7. h3 Bd7 8. g4 Nge7
9. Nbd2 Qc7 10. Nb3 g6 11. a3 Nc8 12. Qe2 f4 13. h4 Be7 14. Bxf4 bxa3 15. h5
gxh5 16. Rxh5 Rf8 17. Bd2 Nb6 18. Rxh7 O-O-O 19. g5 Rh8 20. g6 Nb4 21. Bxb4
Bxb4+ 22. Kf1 Qc3 23. Nfd2 a5 24. Ra2 Na4 25. Nb1 Qc6 26. Nxa3 Nc3 27. Qh5 Rxh7
28. gxh7 Nxa2 29. h8=Q Rxh8 30. Qxh8+ Kc7 31. Nb5+ 1-0

[Event "Commonwealth & South African Open 2011"]
[Site "Emperors Casino and Conference"]
[Date "2011.06.24"]
[Round "2.14"]
[White "Durow, Neil"]
[Black "Jere, Daniel"]
[Result "0-1"]
[WhiteElo "1759"]
[BlackElo "2344"]
[PlyCount "96"]
[EventDate "2011.06.24"]

1. e4 c5 2. Nf3 Nc6 3. d4 cxd4 4. Nxd4 g6 5. c4 Nf6 6. Nc3 d6 7. f3 Nxd4 8.
Qxd4 Bg7 9. Be3 O-O $1 10. Qd2 Qa5 11. Rc1 Be6 12. Be2 Rfc8 13. b3 a6 14. Nd5
Qxd2+ 15. Kxd2 Nxd5 16. cxd5 Bd7 17. Bd3 e6 18. Rhe1 exd5 19. exd5 Bb2 20. Rc2
Ba3 21. Re2 Rxc2+ 22. Kxc2 Rc8+ 23. Kd2 Bc5 24. Bf4 Re8 25. Rxe8+ Bxe8 26. Kc2
Kf8 27. Kc3 Ke7 28. a4 Bf2 29. Bc2 f5 30. Bg5+ Kf7 31. b4 Be1+ 32. Kb3 b5 33.
a5 Bd7 34. Bf4 Bc8 35. Ka3 Bb7 36. Bb3 Ke7 37. Bg5+ Ke8 38. h3 Bc3 39. Be3 Kf7
40. f4 Ke7 41. Bb6 Bd2 42. Bd4 Kf7 43. g3 Be1 44. g4 Bd2 45. gxf5 gxf5 46. Bc2
Kg6 47. Be5 dxe5 48. d6 Bxf4 0-1

[Event "Commonwealth & South African Open 2011"]
[Site "Emperors Casino and Conference"]
[Date "2011.06.24"]
[Round "2.15"]
[White "Karavade, Eesha"]
[Black "Willemse, Rudolph J"]
[Result "1-0"]
[WhiteElo "2343"]
[BlackElo "1758"]
[PlyCount "71"]
[EventDate "2011.06.24"]

1. d4 d5 2. c4 c6 3. Nc3 Nf6 4. e3 Bg4 5. Qb3 Qb6 6. c5 Qc7 7. Bd3 Nbd7 8. f4
g6 9. Qc2 e6 10. Nge2 Bf5 11. Bd2 Bxd3 12. Qxd3 b5 13. b4 a5 14. bxa5 Rxa5 15.
O-O $1 Bg7 16. a4 bxa4 17. e4 Nxe4 18. Nxe4 dxe4 19. Qxe4 Ra7 20. f5 Nxc5 21.
dxc5 Bxa1 22. Rxa1 gxf5 23. Qd4 e5 24. Qc4 Rg8 25. Rxa4 Rxa4 26. Qxa4 Qb7 27.
Ng3 Qd7 28. Qa8+ Ke7 29. Qxg8 Qd4+ 30. Kf1 Qxd2 31. Nxf5+ Kf6 32. Nd6 Qc1+ 33.
Ke2 Qc2+ 34. Kf3 Qb3+ 35. Kg4 Qe6+ 36. Kh5 1-0

[Event "Commonwealth & South African Open 2011"]
[Site "Emperors Casino and Conference"]
[Date "2011.06.24"]
[Round "2.16"]
[White "Rooplal, Desmond"]
[Black "Ghate, Swati"]
[Result "0-1"]
[WhiteElo "1754"]
[BlackElo "2317"]
[PlyCount "49"]
[EventDate "2011.06.24"]

1. e4 c5 2. Nf3 e6 3. b3 b6 4. Bb2 Bb7 5. Nc3 d6 6. d4 a6 7. Bd3 Nd7 8. O-O $1
Ngf6 9. Re1 cxd4 10. Nxd4 Be7 11. Nf3 O-O $1 12. e5 Bxf3 13. Qxf3 Nxe5 14. Qh3
Nxd3 15. Qxd3 d5 16. Rad1 Qc7 17. Re3 Rfd8 18. Rh3 e5 19. Qf5 g6 20. Qg5 d4 21.
Ne2 Qxc2 22. Rd2 Qb1+ 23. Bc1 Rac8 24. Rd1 Rc2 25. Re1 {Notation unclear} 0-1

[Event "Commonwealth & South African Open 2011"]
[Site "Emperors Casino and Conference"]
[Date "2011.06.24"]
[Round "2.17"]
[White "Subbaraman, Meenakshi"]
[Black "Koekemoer, Bernard"]
[Result "1-0"]
[WhiteElo "2317"]
[BlackElo "1752"]
[PlyCount "87"]
[EventDate "2011.06.24"]

1. d4 d5 2. c4 e6 3. Nc3 Nf6 4. cxd5 exd5 5. Bg5 c6 6. Qc2 Bd6 7. e3 Be6 8. Nf3
Nbd7 9. Bd3 h6 10. Bh4 O-O $1 11. O-O $1 Re8 12. Rab1 Rc8 13. b4 Qc7 14. Bg3
Bxg3 15. hxg3 Bg4 16. Nh4 Bh5 17. Qd2 Nb6 18. a4 Kh8 19. Rfc1 Bg4 20. Nf3 Ne4
21. Bxe4 dxe4 22. Ne5 Be6 23. a5 Nd7 24. Nxd7 Bxd7 25. Na4 b6 26. b5 Qd6 27.
axb6 cxb5 28. Rxc8 Rxc8 29. b7 Rc4 30. Nc5 Bc6 31. Qa5 Qb8 32. Ra1 Kh7 33. Qxa7
Qc7 34. b8=Q Qxa7 35. Rxa7 Bd5 36. Qxb5 Rc1+ 37. Kh2 Rc2 38. Nd7 Be6 39. Nf8+
Kh8 40. Nxe6 Rxf2 41. Qe8+ Kh7 42. Rxf7 Rxf7 43. Qxf7 h5 44. Qxg7# 1-0

[Event "Commonwealth & South African Open 2011"]
[Site "Emperors Casino and Conference"]
[Date "2011.06.24"]
[Round "2.18"]
[White "Hoek, Adriana J"]
[Black "van der Nat, Nicholas P"]
[Result "0-1"]
[WhiteElo "1751"]
[BlackElo "2308"]
[PlyCount "74"]
[EventDate "2011.06.24"]

1. e4 c5 2. Nc3 Nc6 3. f4 g6 4. Nf3 Bg7 5. Bb5 Nd4 6. O-O $1 a6 7. Bc4 e6 8.
Bb3 Ne7 9. Nxd4 cxd4 10. Ne2 O-O $1 11. d3 b5 12. Bd2 d5 13. Ng3 dxe4 14. dxe4
a5 15. a4 bxa4 16. Rxa4 Bd7 17. Ra1 Qb6 18. Kh1 Rfc8 19. c3 a4 20. Bc2 Rd8 21.
Qc1 Bb5 22. Rf3 Bc6 23. cxd4 Bxd4 24. Bc3 f5 25. Bxd4 Rxd4 26. Re3 Qb7 27. b3
h5 28. bxa4 h4 29. Nf1 fxe4 30. Nd2 Nf5 31. Nb3 Rc4 32. Re2 e3 33. Qb1 h3 34.
Bxf5 hxg2+ 35. Rxg2 Bxg2+ 36. Kg1 Qb4 37. Qe1 Rxf4 0-1

[Event "Commonwealth & South African Open 2011"]
[Site "Emperors Casino and Conference"]
[Date "2011.06.24"]
[Round "2.19"]
[White "Cawdery, Daniel J"]
[Black "Jurrius, Kevin G"]
[Result "1/2-1/2"]
[WhiteElo "2274"]
[BlackElo "1744"]
[PlyCount "46"]
[EventDate "2011.06.24"]

1. e4 e5 2. Nf3 Nc6 3. Bb5 g6 4. Bxc6 dxc6 5. d3 Bg7 6. h3 c5 7. Be3 Qe7 8. Qd2
Nf6 9. Nc3 Nd7 10. Bh6 Bxh6 11. Qxh6 f6 12. Nh2 Nf8 13. f4 exf4 14. Qxf4 Ne6
15. Qh4 Nd4 16. O-O-O Be6 17. Rdf1 f5 18. Qxe7+ Kxe7 19. exf5 Bxf5 20. Re1+ Kd7
21. g4 Be6 22. Re4 b6 23. Rf1 Raf8 {Notation unclear} 1/2-1/2

[Event "Commonwealth & South African Open 2011"]
[Site "Emperors Casino and Conference"]
[Date "2011.06.24"]
[Round "2.21"]
[White "Gluckman, David"]
[Black "Irving, Laura"]
[Result "1/2-1/2"]
[WhiteElo "2262"]
[BlackElo "1733"]
[PlyCount "31"]
[EventDate "2011.06.24"]

1. Nf3 c5 2. c4 Nc6 3. g3 g6 4. Bg2 Bg7 5. O-O e5 6. Nc3 Nge7 7. d3 d6 8. Ne1
O-O 9. Nc2 Be6 10. Ne3 Rb8 11. Rb1 a6 12. Ned5 b5 13. Bg5 f6 14. Bd2 Qd7 15.
Re1 Qd8 16. Nxe7+ {Draw} 1/2-1/2

[Event "Commonwealth & South African Open 2011"]
[Site "Emperors Casino and Conference"]
[Date "2011.06.24"]
[Round "2.22"]
[White "Fuller, Graeme D"]
[Black "Oatlhotse, Providence"]
[Result "1-0"]
[WhiteElo "1750"]
[BlackElo "2251"]
[PlyCount "63"]
[EventDate "2011.06.24"]

1. e4 c5 2. Nf3 d6 3. Bb5+ Bd7 4. Bxd7+ Nxd7 5. d4 cxd4 6. Qxd4 Ngf6 7. O-O g6
8. c4 Bg7 9. Nc3 O-O 10. Bd2 Nc5 11. Qe3 Re8 12. Rac1 Ng4 13. Qe2 Ne5 14. Nxe5
dxe5 15. b3 Ne6 16. f3 a6 17. Be3 Nd4 18. Qf2 e6 19. Rfd1 Qa5 20. Ne2 Nc6 21.
Nc3 Red8 22. Rxd8+ Qxd8 23. Rd1 Qa5 24. Na4 Nd4 25. Qd2 Qxd2 26. Rxd2 b5 27.
Nb2 Bf8 28. Kf2 f6 29. f4 Bb4 30. Rd1 Bc3 31. Nd3 bxc4 32. bxc4 {Notation
uncler} 1-0

[Event "Commonwealth & South African Open 2011"]
[Site "Emperors Casino and Conference"]
[Date "2011.06.24"]
[Round "2.23"]
[White "Ovcina, Denis"]
[Black "Botha, Gerry J"]
[Result "1-0"]
[WhiteElo "2248"]
[BlackElo "1732"]
[PlyCount "91"]
[EventDate "2011.06.24"]

1. d4 f5 2. Nc3 Nf6 3. f3 d5 4. Bg5 Nbd7 5. Qd2 c6 6. a3 a5 7. e3 e5 8. dxe5
Nxe5 9. Qd4 Bd6 10. O-O-O O-O 11. e4 c5 12. Qd2 d4 13. Nd5 Nxe4 14. fxe4 Qd7
15. Nb6 Qc6 16. Nxa8 b6 17. Nf3 fxe4 18. Nxe5 Bxe5 19. Bc4+ Be6 20. Qe2 e3 21.
Rhf1 Rxa8 22. Qf3 Rc8 23. Qxc6 Rxc6 24. Bxe6+ Rxe6 25. Bxe3 Bxh2 26. Bf4 Bxf4+
27. Rxf4 h6 28. b4 Re3 29. bxc5 bxc5 30. Rf5 Rc3 31. Rd3 Rc4 32. a4 g6 33. Rd5
Kg7 34. Rb3 g5 35. Rb6 Kf8 36. Rb7 Ke8 37. Rdd7 d3 38. Rxd3 Rxa4 39. Rdd7 Rb4
40. Rh7 Rxb7 41. Rxb7 h5 42. Rh7 h4 43. Rg7 a4 44. Rxg5 a3 45. Rxc5 a2 46. Kb2
{Resign} 1-0

[Event "Commonwealth & South African Open 2011"]
[Site "Emperors Casino and Conference"]
[Date "2011.06.24"]
[Round "2.24"]
[White "Zwakalala, Ntando"]
[Black "Rubery, Mark C"]
[Result "0-1"]
[WhiteElo "1747"]
[BlackElo "2239"]
[PlyCount "90"]
[EventDate "2011.06.24"]

1. e4 c5 2. c3 d6 3. Nf3 Nf6 4. Be2 g6 5. O-O $1 Bg7 6. Qc2 O-O $1 7. d4 cxd4
8. cxd4 Nc6 9. Nc3 Bg4 10. Be3 Nd7 11. Qd2 Bxf3 12. Bxf3 e5 13. dxe5 dxe5 14.
Rfd1 Nb6 15. b3 Nd4 16. Bxd4 exd4 17. Nd5 Nxd5 18. exd5 Rc8 19. Rac1 Rc3 20.
Rxc3 dxc3 21. Qc2 Qd6 22. Re1 Rc8 23. g3 h5 24. h4 b5 25. Re2 Qc5 26. Kg2 Bf6
27. Re1 Kg7 28. Re2 a5 29. Re1 Rc7 30. Re2 Re7 31. Rxe7 Bxe7 32. Kf1 b4 33. Kg2
Bd8 34. Kf1 Bb6 35. Kg2 Qxf2+ 36. Qxf2 Bxf2 37. Be4 Bc5 38. Kf3 f5 39. Bd3 Kf6
40. Bc2 Ke5 41. Bb1 Bd6 42. Bc2 Kxd5 43. Kf2 Bc7 44. Kf3 Be5 45. Kf2 Bxg3+ {
end of notation} 0-1

[Event "Commonwealth & South African Open 2011"]
[Site "Emperors Casino and Conference"]
[Date "2011.06.24"]
[Round "2.25"]
[White "Nel, Andre"]
[Black "Makhushini, Moses J"]
[Result "1/2-1/2"]
[WhiteElo "2236"]
[BlackElo "1731"]
[PlyCount "59"]
[EventDate "2011.06.24"]

1. e4 e5 2. Nf3 Nc6 3. Bb5 a6 4. Bxc6 dxc6 5. d4 exd4 6. Qxd4 Qxd4 7. Nxd4 Bd7
8. Nd2 O-O-O 9. Ne2 Bc5 10. b3 Ne7 11. Bb2 Rhg8 12. Nf4 Bg4 13. Nd3 Ba7 14. f3
Be6 15. O-O-O Be3 16. Rhe1 Bxd2+ 17. Rxd2 b6 18. Nf4 Rxd2 19. Kxd2 Bd7 20. Nh5
f6 21. Ke3 Be8 22. Nf4 Ng6 23. Nd3 c5 24. c4 a5 25. a4 Bd7 26. g4 Re8 27. Kf2
Ne5 28. Nf4 c6 29. Rd1 Kc7 30. Kg3 {Notation unclear} 1/2-1/2

[Event "Commonwealth & South African Open 2011"]
[Site "Emperors Casino and Conference"]
[Date "2011.06.24"]
[Round "2.86"]
[White "Louw, Gideon N"]
[Black "Mofokeng, Thapelo"]
[Result "1-0"]
[WhiteElo "1853"]
[BlackElo "1211"]
[PlyCount "49"]
[EventDate "2011.06.24"]

1. e4 e6 2. d4 d6 3. Nf3 Nd7 4. e5 Be7 5. Bd3 h6 6. O-O b6 7. c4 Bb7 8. Re1
dxe5 9. Nxe5 Nxe5 10. dxe5 Qd7 11. Qe2 Bb4 12. Rd1 Qc6 13. Qg4 O-O-O 14. g3 Bc5
15. Nc3 h5 16. Qh3 f5 17. Bg5 Rd4 18. Nb5 Kb8 19. Nxd4 Bxd4 20. Be2 Bxe5 21.
Rd8+ Bc8 22. Rad1 Bxb2 23. Bf3 Qxc4 24. Rxc8+ Kxc8 25. Rd8# 1-0

[Event "Commonwealth & South African Open 2011"]
[Site "Emperors Casino and Conference"]
[Date "2011.06.24"]
[Round "2.87"]
[White "Botlhole, Kgalalelo"]
[Black "Chandna, Shubham"]
[Result "0-1"]
[WhiteElo "1515"]
[BlackElo "1850"]
[PlyCount "68"]
[EventDate "2011.06.24"]

1. d4 Nf6 2. c4 c5 3. dxc5 e6 4. Nc3 Bxc5 5. Nf3 a6 6. e3 Qc7 7. b3 b6 8. Bb2
Bb7 9. Bd3 O-O 10. O-O Bd6 11. h3 Nc6 12. Ne4 Nxe4 13. Bxe4 f5 14. Bxc6 Qxc6
15. Qd4 Rf6 16. Rfd1 Rg6 17. Kf1 Rxg2 18. Kxg2 Qxf3+ 19. Kf1 Qg2+ 20. Ke1 Bb4+
21. Bc3 Bxc3+ 22. Qxc3 Rd8 23. Qe5 Bf3 24. Rd6 Qg1+ 25. Kd2 Qxf2+ 26. Kc3 Be4
27. Rc1 b5 28. Rxd7 Rxd7 29. Qxe6+ Rf7 30. Qe8+ Rf8 31. Qe6+ Kh8 32. Qe7 Rb8
33. c5 Qxe3+ 34. Kb2 Qd2+ 0-1

[Event "Commonwealth & South African Open 2011"]
[Site "Emperors Casino and Conference"]
[Date "2011.06.24"]
[Round "2.89"]
[White "Sanjay, Belurkar"]
[Black "Jacobs, Kevin T"]
[Result "0-1"]
[WhiteElo "1428"]
[BlackElo "1824"]
[PlyCount "88"]
[EventDate "2011.06.24"]

1. d4 Nf6 2. Nf3 e6 3. Bg5 Be7 4. Nbd2 d5 5. e3 c5 6. c4 Nc6 7. dxc5 Bxc5 8.
cxd5 exd5 9. Rc1 Bb6 10. Bb5 Bd7 11. O-O O-O 12. Nb3 a6 13. Bxc6 Bxc6 14. Nbd4
Rc8 15. Ne5 Qd6 16. Ndxc6 bxc6 17. Bxf6 gxf6 18. Qg4+ Kh8 19. Nd7 Rg8 20. Qf5
Rg5 21. Qxf6+ Qxf6 22. Nxf6 Bd8 23. Nd7 Be7 24. Nc5 a5 25. Rfd1 Rb8 26. b3 Rg6
27. Rd4 Rb5 28. Nd3 Ba3 29. Rc3 Rd6 30. Rg4 Re6 31. Nf4 Rd6 32. Nd3 f6 33. Nf4
Bb2 34. Rd3 Be5 35. e4 dxe4 36. Rxd6 Bxd6 37. Ne6 Rd5 38. g3 f5 39. Rg5 Be7 40.
Rh5 a4 41. Nf4 Rd1+ 42. Kg2 a3 43. Ng6+ Kg7 44. Nxe7 Rd2 0-1

[Event "Commonwealth & South African Open 2011"]
[Site "Emperors Casino and Conference"]
[Date "2011.06.24"]
[Round "2.90"]
[White "Roberts, Marcel"]
[Black "Joubert (Braille), Lucelle"]
[Result "1-0"]
[WhiteElo "1824"]
[BlackElo "1506"]
[PlyCount "69"]
[EventDate "2011.06.24"]

1. e4 e6 2. d4 d5 3. Nc3 dxe4 4. Nxe4 Nc6 5. Nf3 Nf6 6. Nxf6+ Qxf6 7. Bd3 Nxd4
8. Nxd4 Qxd4 9. Bb5+ Bd7 10. Qxd4 Bxb5 11. Qe5 c6 12. Be3 Bc4 13. Bc5 f6 14.
Qe3 Bxc5 15. Qxc5 Bd5 16. c4 b6 17. Qa3 Bxc4 18. O-O-O Bd5 19. Rxd5 cxd5 20.
Qd6 Rc8+ 21. Kb1 Kf7 22. Qd7+ Kg6 23. h4 h5 24. Rh3 Rhg8 25. Rg3+ Kf5 26. Rf3+
Kg6 27. Qxe6 Rge8 28. Qf5+ Kh6 29. a3 Re1+ 30. Ka2 Rc5 31. Rg3 g5 32. hxg5+ Kg7
33. gxf6+ Kf7 34. Rg7+ Ke8 35. Qd7+ 1-0

[Event "Commonwealth & South African Open 2011"]
[Site "Emperors Casino and Conference"]
[Date "2011.06.24"]
[Round "2.91"]
[White "Khanyile, Wanda"]
[Black "Whittet, Andrew N"]
[Result "1/2-1/2"]
[WhiteElo "1627"]
[BlackElo "1818"]
[PlyCount "142"]
[EventDate "2011.06.24"]

1. e4 c5 2. Nf3 e6 3. d4 cxd4 4. Nxd4 a6 5. Nc3 Qc7 6. Bd3 Nf6 7. Bd2 Bc5 8.
Nb3 Be7 9. Qe2 Nc6 10. O-O d6 11. Rac1 O-O 12. Rfe1 b5 13. a3 Bb7 14. f4 Rfe8
15. Nd1 d5 16. e5 Nd7 17. Ne3 Nc5 18. Nxc5 Bxc5 19. Kh1 g6 20. Ng4 Be7 21. c3
Na5 22. Be3 h5 23. Nf2 Nc4 24. Bd4 Bc5 25. g4 hxg4 26. Nxg4 Kg7 27. Rg1 Rh8 28.
Rg2 Qb6 29. Qf2 Bxd4 30. cxd4 Rh3 31. Rg3 Rah8 32. Kg2 Rxg3+ 33. hxg3 b4 34. a4
b3 35. Ne3 Qb4 36. g4 Qxa4 37. f5 Qd7 38. Kg3 Nxe3 39. f6+ Kg8 40. Qxe3 Rh7 41.
Qd2 Qa4 42. Qc3 Rh8 43. Be2 a5 44. Bd3 Qe8 45. Qc7 Ba8 46. Bxg6 Qf8 47. Bd3
Rh3+ 48. Kf2 Rxd3 49. Qd7 Rd2+ 50. Ke1 Rc2 51. Rxc2 bxc2 52. Kd2 Qb4+ 53. Kc1
Qf8 54. Kxc2 Kh7 55. Qc7 Kg6 56. Qc3 Qh6 57. Qc8 Qh2+ 58. Kb1 Qh7 59. Qxa8 Kg5+
60. Ka2 Kxg4 61. Qxa5 Qc2 62. Ka3 Qd3+ 63. Qc3 Qa6+ 64. Kb3 Qb5+ 65. Kc2 Qe2+
66. Kc1 Qf1+ 67. Kc2 Qe2+ 68. Qd2 Qc4+ 69. Qc3 Qe2+ 70. Kb1 Qd1+ 71. Ka2 Qa4+
1/2-1/2